| 000 | 00735nam a2200193Ii 4500 | ||
|---|---|---|---|
| 003 | JO-AjNU | ||
| 008 | 230605s9999||||xx |||||||||||||| ||und|| | ||
| 040 |
_aJO-AjNU _bara _erda _cJO-AjNU |
||
| 041 | _aara | ||
| 050 | 1 | 4 | _aBP173.758 2005 |
| 100 | 3 |
_aسفر، أحمد, _eauthor _956401 |
|
| 245 | 0 | 0 | _aالمصارف الإسلامية: العمليات، إدارة المخاطر، والعلاقة مع المصارف المركزية والتقليدية |
| 264 | 3 | 1 | _aبيروت: اتحاد المصارف العربية، 2005 |
| 300 | _a326ص | ||
| 336 |
_atext _btxt _2rdacontent |
||
| 337 |
_aunmediated _bn _2rdamedia |
||
| 338 |
_avolume _bnc _2rdacarrier |
||
| 650 | 4 |
_aالبنوك الاسلامية- ادارة _956402 |
|
| 999 |
_aA25213 _c28781 _d28781 |
||